000 00607nam a22001817a 4500
999 _c185188
_d185188
005 20220131120516.0
010 _aENG-131332
020 _a9789352667468
_c325.00
035 _aEN-114864
037 _bDBAD
082 _a153.93
100 _aThakur, Rajesh Kumar
245 _aVerbal & Non-Verbal Reasoning/
_bFor All competitive Examinations:
_cRajesh Kumar Thakur
260 _aNew Delhi
_bPrabhat Exam
_c2018
270 _bNew Delhi
_a4/19, Asaf Ali Road
_e110002
_k23289555, 23289666, 23289777
_mprabhatbooks@gmail.com
300 _a490p.
_c24cm(pbk)
942 _2ddc
_cEN
_h153.93
_mTHA